| 000 | 00909nac a22002777a 4500 | ||
|---|---|---|---|
| 001 | BR9102768 | ||
| 003 | BR-BrBNA | ||
| 005 | 20240105121211.0 | ||
| 008 | 230509b bl.|||m| |||| 00| 0 por d | ||
| 040 |
_aBR-BrBNA _bpor _cBiblioteca Nacional de Agricultura |
||
| 072 | _aF70 | ||
| 090 | _a1930 BR9102768 | ||
| 100 | 1 | _aSavidan, Y.H. | |
| 100 | 1 | _aJank, L. | |
| 100 | 1 | _aCosta, J.C.G. | |
| 110 | 1 |
_aCentro Nacional de Pesquisa de Gado de Corte, Campo Grande, MS (Brasil) _91771 |
|
| 245 | 1 | _aRegistro de 25 acessos selecionados de Panicum maximum | |
| 260 | 3 |
_aCampo Grande, MS (Brasil): _c1990. |
|
| 300 | _a68 p. | ||
| 490 |
_aDocumentos - Centro Nacional de Pesquisa de Gado de Corte (Brazil) _vno. 44 _xISSN 0100-9443 |
||
| 500 | _a20 ref.; 24 illus. | ||
| 650 | _aCAPIM COLONIAO | ||
| 650 | _aTAXONOMIA VEGETAL | ||
| 909 |
_a202312 _bLúcia Elande _c55 _dLúcia Elande |
||
| 942 |
_2AGRIS _n0 _cMS |
||
| 999 |
_c283891 _d283891 |
||